Southville International School and Colleges
Your cart is empty.
  • Cart
  • Lists
    Public lists Eva Luna New books Lux_list list_1
    Your lists Log in to create your own lists
  • Log in to your account
  • Your cookies
  • Search history
Southville International School and Colleges
  • Advanced search
  • Recent comments
  • Most popular
  • Libraries

Log in to your account

Log in with GOOGLE


If you do not have an external account, but do have a local account, you can still log in:

  1. Home
  2. MARC view: Critical thinking handbook--high school :
Normal view MARC view ISBD view

Critical thinking handbook--high school : (Record no. 2615)

[ view plain ]
MARC details
000 -LEADER
fixed length control field 00780nam a22002297a 4500
003 - CONTROL NUMBER IDENTIFIER
control field OSt
005 - DATE AND TIME OF LATEST TRANSACTION
control field 20140310181737.0
008 - FIXED-LENGTH DATA ELEMENTS--GENERAL INFORMATION
fixed length control field 130320t xxu||||| |||| 00| 0 eng d
020 ## - INTERNATIONAL STANDARD BOOK NUMBER
International Standard Book Number 0944583032
050 ## - LIBRARY OF CONGRESS CALL NUMBER
Classification number BF 441
Item number .P324 1995
082 ## - DEWEY DECIMAL CLASSIFICATION NUMBER
Classification number TR 373.01
Item number B47 1995
100 ## - MAIN ENTRY--PERSONAL NAME
Personal name Paul, Richard; Binker, A.J.A.; Martin, Douglas; Adamson, Ken
9 (RLIN) 694
245 ## - TITLE STATEMENT
Title Critical thinking handbook--high school :
Statement of responsibility, etc Richard Paul ... [et al.]
Remainder of title a guide for redesigning instruction /
260 ## - PUBLICATION, DISTRIBUTION, ETC. (IMPRINT)
Place of publication, distribution, etc Sta.Rosa,CA :
Name of publisher, distributor, etc Foundation for Critical Thinking,
Date of publication, distribution, etc c1995.
300 ## - PHYSICAL DESCRIPTION
Extent iii, 424p. :
Other physical details ill. ;
Dimensions 28 cm.
521 ## - TARGET AUDIENCE NOTE
Target audience note
541 ## - IMMEDIATE SOURCE OF ACQUISITION NOTE
-- 1
562 ## - COPY AND VERSION IDENTIFICATION NOTE
Number of copies 1
650 ## - SUBJECT ADDED ENTRY--TOPICAL TERM
Topical term or geographic name as entry element Critical thinking
General subdivision Instruction
9 (RLIN) 695
650 ## - SUBJECT ADDED ENTRY--TOPICAL TERM
Topical term or geographic name as entry element Lesson plan
General subdivision Remodelling
9 (RLIN) 696
942 ## - ADDED ENTRY ELEMENTS (KOHA)
Source of classification or shelving scheme Library of Congress Classification
Koha item type
Call number prefix
Holdings
Withdrawn status Lost status Source of classification or shelving scheme Damaged status Home library Current library Shelving location Date acquired Total Checkouts Full call number Barcode Date last seen Copy number Price effective from Koha item type
    Library of Congress Classification   Luxembourg Library Luxembourg Library Teachers Reference Section 07/16/2013   BF 441 .P324 1995 6693 08/13/2013 1 10/03/2013 Books

Critical thinking handbook--high school :

APA

Paul R. B. A. M. D. A. K., . (1995). Critical thinking handbook--high school. Sta.Rosa,CA: Foundation for Critical Thinking.

Chicago

Paul Richard Binker A.J.A Martin Douglas Adamson Ken, . 1995. Critical thinking handbook--high school. Sta.Rosa,CA: Foundation for Critical Thinking.

Harvard

Paul R. B. A. M. D. A. K., . (1995). Critical thinking handbook--high school. Sta.Rosa,CA: Foundation for Critical Thinking.

MLA

Paul Richard Binker A.J.A Martin Douglas Adamson Ken, . Critical thinking handbook--high school. Sta.Rosa,CA: Foundation for Critical Thinking. 1995.

  • Place hold
  • Print
  • Cite
  • Add to your cart (remove)
  • Save record
    BIBTEX Dublin Core MARCXML MARC (non-Unicode/MARC-8) MARC (Unicode/UTF-8) MARC (Unicode/UTF-8, Standard) MODS (XML) RIS
  • More searches
    Search for this title in:
    Other Libraries (WorldCat) Other Databases (Google Scholar) Online Stores (Bookfinder.com) Open Library (openlibrary.org)

Exporting to Dublin Core...

SOUTHVILLE LIBRARY

Southville International School and Colleges Library

1281 Tropical Ave. Cor. Luxembourg St., BF Homes International, Las Pinas City

Tel. No. 8256374 / 252358 Loc. 117/146

Powered by Koha